000
00219 a2200097 4500
001
18250
100
_a
Krauskopf, K B
245
_a
Fundamentals of physical science
260
_a
_b
McGraw-Hill
_c
090
_c
13544
_d
13544
942
_a
NUST-CAE
_c
M
_c
3941
999
_c
253323
_d
253323